Mohol zomrieť "mám zlý pocit," hovorí motocyklový pretekár Jaroslav Katriňák o chorobe pečene

Bibliographic Details
Main Author: Gešvantner, Mário (Author)
Format: Article
Language:Slovak
PhysicalDescription:Obr.
ISSN:1210-2040
Subjects:

MARC

LEADER 00000nab a2200000 a 4500
001 vtls009358087
003 SK-MaSNL
005 20260303054715.0
008 081106 2008 xo r r 000 0 slo
015 |a SNBRB2008/11  |2 kevkjb 
038 |a KEVKJB 
040 |a KEVKJB  |b slo  |c KEVKJB  |e AACR2 
041 0 |a slo 
044 |a xo  |c SK 
080 |a 796.72.071  |2 2001 
080 |a 929 Katriňák, Jaroslav  |2 2001 
100 1 |a Gešvantner, Mário  |4 aut  |9 301727 
245 1 0 |a Mohol zomrieť  |b "mám zlý pocit," hovorí motocyklový pretekár Jaroslav Katriňák o chorobe pečene  |c Mário Gešvantner 
300 |b Obr. 
600 1 7 |a Katriňák, Jaroslav,  |d 1966-  |2 kevkjb 
650 0 7 |a motorizmus  |2 kevkjb  |9 3265 
773 0 |t Plus 7 dní  |g Roč. XVIII, č. 45 (2008), s. 32-34  |x 1210-2040 
852 |a KEVKJB  |b KIS3GCP 
958 |a BX 
999 |c 1724331  |d 1726261